Taoism : (Record no. 607174)

MARC details
000 -LEADER
fixed length control field 00453nam a2200193 a 4500
008 - FIXED-LENGTH DATA ELEMENTS--GENERAL INFORMATION
fixed length control field 260104s1993##################000#0#eng##
020 ## - INTERNATIONAL STANDARD BOOK NUMBER
ISBN 9780816024483
082 04 - DEWEY DECIMAL CLASSIFICATION NUMBER
Classification number 299.514
Item number HAR
100 1# - MAIN ENTRY--AUTHOR NAME
Personal name Hartz, Paula,
245 10 - TITLE STATEMENT
Title Taoism :
260 ## - PUBLICATION, DISTRIBUTION, ETC. (IMPRINT)
Year of publication 1993.
300 ## - PHYSICAL DESCRIPTION
Number of Pages 128 pages
650 #0 - SUBJECT ADDED ENTRY--TOPICAL TERM
Topical Term China.
942 ## - ADDED ENTRY ELEMENTS (KOHA)
Koha item type English Books
Holdings
Withdrawn status Lost status Damaged status Not for loan Home library Current library Shelving location Date acquired Full call number Accession Number Price effective from Koha item type
        Anna Centenary Library Anna Centenary Library 3RD FLOOR, B WING 05.01.2026 299.514 HAR 395840 05.01.2026 English Books

Find us on the map